Oslobodenie od dane s vplyvom na výšku odpočítanej dane

Bibliographic Details
Main Author: Jurišová, Anna (Author)
Format: Article
Language:Slovak
ISSN:1335-0897
Subjects:

MARC

LEADER 00000nab a2200000 ar4500
001 vtls008964168
003 SK-MaSNL
005 20260303070807.0
008 070416c2007 xo mr|p|||||||000 b|slo
015 |a SNBRB2007/04  |2 snkbucl 
038 |a SNKBUCL 
040 |a SNKBUCL  |b slo  |c SNKBUCL  |e AACR2 
041 |a slo 
044 |a xo  |c SK 
080 |a 336.226.322:336.225.621.12:336.225.53  |2 2001 
080 |a 336.225.621.12  |2 2001 
080 |a 336.225.53  |2 2001 
100 1 |a Jurišová, Anna  |4 aut  |9 310665 
245 1 0 |a Oslobodenie od dane s vplyvom na výšku odpočítanej dane  |c Anna Jurišová 
650 0 7 |a daň z pridanej hodnoty  |2 snkbucl  |9 2119 
650 0 7 |a oslobodenie od dane  |2 snkbucl  |9 16506 
650 0 7 |a odpočítateľné náklady  |2 snkbucl  |9 1046588 
773 0 |t Daňový a účtovný poradca podnikateľa  |g Č. 1 (2007), s. 150-166  |x 1335-0897 
852 |a SNK  |b KIS3GCP 
999 |c 1756966  |d 1758896